| 000 | 02053nam a22002897a 4500 | ||
|---|---|---|---|
| 999 |
_c58375 _d58375 |
||
| 003 | Ge_BSU | ||
| 005 | 20211222124158.0 | ||
| 008 | 211222s2021ge xxu||||| |||| 00| 0 geo d | ||
| 020 | _a9789941495250 | ||
| 041 | _ageo | ||
| 080 | _a378(075.8) ბ-29 | ||
| 100 |
_aბასილაძე, ი. _913339 |
||
| 245 |
_aგანათლების, სწავლა/სწავლებისა და აღზრდის საკითხები : _b(შესავალი თანამედროვე პედაგოგიურ აზროვნებაში) / I ნაწილი. / _cიმერი ბასილაძე ; ქეთევან ძოწენიძე; ნინო ჭოხონელიძე ; რედ: ავთანდილ ასათიანი; ლელა თავდგირიძე |
||
| 264 |
_aქუთაისი : _bაკაკი წერეთლის სახელმწიფო უნივერსიტეტი, _c2021. |
||
| 300 |
_a616 გვ.: _c24 სმ. |
||
| 504 | _a ბიბლიოგრაფია: გვ. 587-609. | ||
| 520 | _aრეზიუმე ინგლისურ ენაზე. | ||
| 653 | _aშესავალი თანამედროვე პედაგოგიურ აზროვნებაში | ||
| 653 | _aპედაგოგიკა | ||
| 700 |
_aძოწენიძე, ქეთევან _98260 |
||
| 700 |
_aჭოხონელიძე, ნონო _913340 |
||
| 700 |
_aასათიანი, ავთანდილ _eრედაქტორი _913341 |
||
| 700 |
_aთავდგირიძე, ლელა _eრედაქტორი _91294 |
||
| 710 |
_a აკაკი წერეთლის სახელმწ. უნივერსიტეტი, პედაგიგური ფაკულტეტი, პედაგოგიკის დეპარტამენტი. _913342 |
||
| 773 | _tნაჩუქარი | ||
| 942 |
_2udc _cBK |
||